Loreto College Library, Kolkata
WEBOPAC (ONLINE PUBLIC ACCESS CATALOGUE)

John company bangali karmochari (Record no. 40400)

MARC details
000 -LEADER
fixed length control field 00427nam a22001817a 4500
005 - DATE AND TIME OF LATEST TRANSACTION
control field 20160120111950.0
008 - FIXED-LENGTH DATA ELEMENTS--GENERAL INFORMATION
fixed length control field 160120b xxu||||| |||| 00| 0 eng d
020 ## - ISBN | অাই এস বি এন
PRICE Rs.20
040 ## - CATALOGING SOURCE
Original cataloging agency Loreto College
082 ## - DDC | ডিউই
Classification number | বর্গসংখ্যা 891.44
Book Number | গ্রন্থাঙ্ক DAT
245 ## - TITLE STATEMENT | অাখ্যা বিবরণী
Title | অাখ্যা John company bangali karmochari
250 ## - EDITION STATEMENT | সংস্করণ ক্ষেত্র
Remainder of edition statement Narayan Dutta
260 ## - IMPRINT | প্রকাশনা ক্ষেত্র
Place of publication | প্রকাশ স্থান Kolkata
Name of publisher | প্রকাশকের নাম Nabopatro prakasan
300 ## - PHYSICAL DESCRIPTION |
Page / Vol. No | পৃষ্ঠা / খন্ড সংখ্যা 260p.
650 ## - SUBJECT ADDED ENTRY--TOPICAL TERM | বিষয় শিরোনাম - মূল বিষয়
Topical term | মূল বিষয় Bengali
850 ## - HOLDING INSTITUTION
Holding institution LCLIB
942 ## - ADDED ENTRY ELEMENTS (KOHA)
Koha item type Books

No items available.